Представление документа в формате MARC21

Поле Инд. ПП Название Значение
Тип записи a
Библиографический уровень m
001 Контрольный номер f7e1f2fb-2c8a-426c-9200-c40a79e70db7
005 Дата корректировки 20140226205222.2
008 Кодируемые данные 990624 d
020 a ISBN 5-7510-0093-5
c Цена, тираж 15.00
040 a Служба первич. каталог. НБ ТвГУ
041 a Код языка текста rus
080 a Индекс УДК 159.9:02
a Индекс УДК 316.354:02
084 a Индекс другой классификации/Индекс ББК Ю944.2
a Индекс другой классификации/Индекс ББК Ю959
090 a Полочн. индекс Ю944.2
x Авторский знак П86
245 10 a Заглавие Психологический климат в коллективе библиотеки
b Продолж. заглавия практическое пособие
c Ответственность Рос. гос. б-ка, Отд. исслед. чтения, пропаганды кн. и рекомендат. библиогр. ; [сост.: Е. В. Губина и др. ; под ред. О. В. Решетниковой]
260 0_ a Место издания Москва
b Издательство Российская государственная библиотека
c Дата издания 1998
300 a Объем 150,[2] с.
504 a Библиография Библиогр.: с.148-150
583 a Действие Получение впервые 369 22.06.99
k Исполнитель действия РГБ
650 a Основная рубрика Библиотечное дело
x Основная подрубрика Психология
650 a Основная рубрика Психология библиотечной работы
653 a Ключевые слова Библиотекарь
a Ключевые слова Библиотечное дело
a Ключевые слова Библиотечный коллектив
a Ключевые слова Група
a Ключевые слова Женщины
a Ключевые слова Конфликт
a Ключевые слова Личность
a Ключевые слова Психологический климат
a Ключевые слова Психология библиотекаря
a Ключевые слова Психология коллектива
a Ключевые слова Руководитель
700 1_ a Другие авторы Губина Е. В.
e Роль лиц сост.
700 1_ a Другие авторы Решетникова О. В.
e Роль лиц сост., ред.
700 1_ a Другие авторы Сартан Г. Н.
e Роль лиц сост.
852 t Порядковый номер экземпляра 1
p Инвентарный номер 711269
888 a За наличные
920 a Оператор Каба
952 p 369.99 15.00 1 711269
c Вид литературы К ру
954 a Дата поступления на обработку 19990622
999 a Подразделение 2 ОМСО